Las políticas exteriores centroamericanas y las políticas internacionales hacia Centroamérica /

Đã lưu trong:
Chi tiết về thư mục
Tác giả chính: Rojas Aravena, Francisco
Tác giả của công ty: Universidad Nacional. Escuela de Relaciones Internacionales
Định dạng: Không biết
Được phát hành: Heredia: UNA
Các nhãn: Thêm thẻ
Không có thẻ, Là người đầu tiên thẻ bản ghi này!

MARC

LEADER 00000 a2200000 04500
001 20848
003
008 991231s d
040
090 |a 089212  
100 |a Rojas Aravena, Francisco  
110 |a Universidad Nacional. Escuela de Relaciones Internacionales  
245 |a Las políticas exteriores centroamericanas y las políticas internacionales hacia Centroamérica /  |c Francisco Rojas Aravena 
260 |a Heredia:   |b UNA  
300 |a 392 p.  
999 |c 16911  |d 16911